| 000 | 01374nam a2200325 c 4500 | ||
|---|---|---|---|
| 999 |
_c24274 _d24274 |
||
| 003 | BLK | ||
| 005 | 20250728135441.0 | ||
| 008 | 180413b bul|||||r ||||||| ||bul|| | ||
| 010 | _aKNG00026779000 | ||
| 020 | _a954-625-156-9 | ||
| 040 | _aBLK | ||
| 041 |
_aBUL _cBUL |
||
| 080 |
_aАрабска литература. Подразделя се с помощта на общите определители на място (5/6) _b821.411.21 _x-93-34 _z821.411.21-93-34 |
||
| 139 |
_aАли Баба и четиридесетте разбойници _bА 54 |
||
| 245 | 1 | 0 |
_aАли Баба и четиридесетте разбойници _cадапт. и прев. Ина Иванова; худож. Антонина Светославова Бабукчиева. |
| 257 | _aSAR | ||
| 260 |
_bФют _c1999 |
||
| 300 |
_a20 с. _bс ил. _c28 см |
||
| 380 | _aDX | ||
| 490 |
_aПриказки от хиляда и една нощ _9438550 |
||
| 700 | 1 |
_aИванова, Ина _eадапт. и прев. _9267563 |
|
| 700 |
_aБабукчиева, Антонина Светославова _d1961 - _9363803 |
||
| 852 | _aЦб ІІ 10080 | ||
| 856 | 4 |
_qpdf _u |
|
| 856 | 4 |
_qpdf _u |
|
| 942 |
_cKNG _n0 _s1 _01 |
||
| 944 |
_aCR _c15.01.2003 _k30564 _lАнна Гръцманова |
||
| 944 |
_aED _c14.03.2018 _kГеновева_Генчева |
||
| 999 | _d24274 | ||